Продукты постмагматической деятельности позднепалеозойских щелочных гранитоидов центральной части мариинской тайги и их потенциальная рудоносность: диссертация на соискание ученой степени кандидата геолого-минералогических наук; спец. 04.00.14; Продукты постмагматической деятельности позднепалеозойских щелочных гранитоидов центральной части мариинской тайги и их потенциальная рудоносность

Bibliografiset tiedot
Päätekijä: Домаренко В. А. Виктор Алексеевич
Yhteisötekijä: Томский политехнический институт
Muut tekijät: Черепнин В. К. Владимир Константинович (научный руководитель)
Kieli:venäjä
Julkaistu: Томск, [Б. и.], 1978
Aiheet:
Aineistotyyppi: Kirja
KOHA link:https://koha.lib.tpu.ru/cgi-bin/koha/opac-detail.pl?biblionumber=80695

MARC

LEADER 00000nbm0a2200000 4500
001 80695
005 20231031094816.0
035 |a (RuTPU)RU\TPU\book\86742 
090 |a 80695 
100 |a 20050909d1978 k y0rusy50 ca 
101 0 |a rus 
102 |a RU 
105 |a a m 001zy 
200 1 |a Продукты постмагматической деятельности позднепалеозойских щелочных гранитоидов центральной части мариинской тайги и их потенциальная рудоносность  |e диссертация на соискание ученой степени кандидата геолого-минералогических наук  |e спец. 04.00.14  |f В. А. Домаренко  |g Томский политехнический институт ; науч. рук. В. К. Черепнин 
210 |a Томск  |c [Б. и.]  |d 1978 
215 |a 179 л.  |c ил. 
320 |a Библиогр.: с. 158-179 (239 назв.) 
421 1 |0 (RuTPU)RU\TPU\book\247308  |t Продукты постмагматической деятельности позднепалеозойских щелочных гранитоидов центральной части мариинской тайги и их потенциальная рудоносность  |o приложение к диссертации  |o спец.04.00.14  |f В. А. Домаренко  |g Томский политехнический институт ; науч. рук. В. К. Черепнин  |c Томск  |n Б.и.  |d 1978  |a Домаренко, Виктор Алексеевич 
610 1 |a диссертации 
610 1 |a продукты деятельности 
610 1 |a постмагматические месторождения 
610 1 |a поздний палеозой 
610 1 |a щелочные породы 
610 1 |a гранитоиды 
610 1 |a Мариинская тайга 
610 1 |a рудоносность 
610 1 |a геология 
610 1 |a петрография 
610 1 |a литология 
610 1 |a интрузивные образования 
610 1 |a петрографический состав 
610 1 |a геохимия 
610 1 |a интерпретация результатов 
610 1 |a труды учёных ТПУ 
675 |a 552.32(048)  |v 3 
686 |a 04.00.14  |2 oksvnk 
700 1 |a Домаренко  |b В. А.  |c геолог  |c доцент Томского политехнического университета, кандидат геолого-минералогических наук  |f 1947-  |g Виктор Алексеевич  |2 stltpush  |3 (RuTPU)RU\TPU\pers\26058 
702 1 |a Черепнин  |b В. К.  |c российский геолог  |c профессор Томского политехнического института  |f 1916-1985  |g Владимир Константинович  |2 stltpush  |3 (RuTPU)RU\TPU\pers\19885  |4 727 
712 0 2 |a Томский политехнический институт  |2 stltpush  |3 (RuTPU)RU\TPU\col\1123 
801 1 |a RU  |b 63413507  |c 20050909  |g PSBO 
801 2 |a RU  |b 63413507  |c 20160620  |g RCR 
942 |c BK